Asociación de Naciones del Sudeste Asiático (ASEAN) - Estadísticas

Estadísticas generales
  • Esta prueba ha sido intentada 35 veces
  • La puntuación promedio es 10 de 10
Estadísticas de respuestas
Respuesta % Correcto
Camboya
100%
Laos
100%
Malasia
100%
Singapur
100%
Indonesia
96%
Tailandia
96%
Brunéi
93%
Filipinas
93%
Birmania
89%
Vietnam
89%
No se encontraron pruebas coincidentes
Distribución de puntuación
Porcentaje de gente con cada puntuación
Porcentaje por número respondido
Historial de tus puntuaciones
No has intentado esta prueba.